Catholic University of Zimbabwe Library
Online Public Access Catalogue
(OPAC)

Letters of blood and other works in English (Record no. 29162)

MARC details
000 -LEADER
fixed length control field 04742nam a2200469 i 4500
001 - CONTROL NUMBER
control field xb19453681
006 - FIXED-LENGTH DATA ELEMENTS--ADDITIONAL MATERIAL CHARACTERISTICS
fixed length control field m d
007 - PHYSICAL DESCRIPTION FIXED FIELD--GENERAL INFORMATION
fixed length control field cr n
008 - FIXED-LENGTH DATA ELEMENTS--GENERAL INFORMATION
fixed length control field 121120t20112011enk sb 000 0 eng d
020 ## - INTERNATIONAL STANDARD BOOK NUMBER
International Standard Book Number 9781906924584
Qualifying information (pdf)
020 ## - INTERNATIONAL STANDARD BOOK NUMBER
International Standard Book Number 9781906924591
Qualifying information (epub)
020 ## - INTERNATIONAL STANDARD BOOK NUMBER
International Standard Book Number 9781906924607
Qualifying information (mobi)
020 ## - INTERNATIONAL STANDARD BOOK NUMBER
Canceled/invalid ISBN 1906924562 (Paperback)
020 ## - INTERNATIONAL STANDARD BOOK NUMBER
Canceled/invalid ISBN 1906924570 (Hardback)
020 ## - INTERNATIONAL STANDARD BOOK NUMBER
Canceled/invalid ISBN 9781906924560 (Paperback)
020 ## - INTERNATIONAL STANDARD BOOK NUMBER
Canceled/invalid ISBN 9781906924577 (Hardback)
035 ## - SYSTEM CONTROL NUMBER
System control number (OCoLC)849917859
040 ## - CATALOGING SOURCE
Original cataloging agency StSaUL
Description conventions rda
043 ## - GEOGRAPHIC AREA CODE
Geographic area code e-sw---
100 1# - MAIN ENTRY--PERSONAL NAME
Personal name Printz-Påhlson, Göran,
Dates associated with a name 1931-2006,
Relator term author.
245 10 - TITLE STATEMENT
Title Letters of blood and other works in English
Medium [electronic resource] /
Statement of responsibility, etc. Göran Printz-Påhlson ; edited by Robert Archambeau.
264 #1 - PRODUCTION, PUBLICATION, DISTRIBUTION, MANUFACTURE, AND COPYRIGHT NOTICE
Name of producer, publisher, distributor, manufacturer Open Book Publishers,
300 ## - PHYSICAL DESCRIPTION
Extent 1 online resource (xxxvii, 219 pages)
500 ## - GENERAL NOTE
General note Available through Open Book Publishers.
504 ## - BIBLIOGRAPHY, ETC. NOTE
Bibliography, etc. note "Select bibliography of works by Göran Printz-Påhlson": pages 213-216.
505 0# - FORMATTED CONTENTS NOTE
Formatted contents note Acknowledgements -- Contributors -- Foreword by Elinor Shaffer -- Inbetween: Locating Göran Printz-Påhlson by Robert Archambeau -- 'The Overall Wandering of Mirroring Mind': Some Notes on Göran Printz-Påhlson by Lars-Håkan Svensson -- The Words of the Tribe: Primitivism, Reductionism, and Materialism in Modern Poetics -- Part One: Linguistic Primitivism in Modernism and Romanticism -- Part Two: Linguistic Reductionism in Poetry Criticism -- Part Three: The Material Word: From Imagism to New Criticism to Intertextualism -- Part Four: The Polity of Metaphor and the Purity of Diction -- Other Prose -- Part Five: Style, Irony, Metaphor and Meaning -- Part Six: Realism as Negation -- Part Seven: Historical Drama and Historical Fiction: The Example of Stindberg -- Part Eight: The Canon of Literary Modernism: A Note on Abstraction in the Poetry of Erik Lindegren -- Part Nine: The Tradition of Contemporary Swedish Poetry -- Part Ten: Kierkegaard the Poet -- Part Eleven: Surface and Accident: John Ashbery -- Part Twelve: The Voyages of John Matthias -- Letters of Blood: Poems -- One: My Interview with I.A. Richards -- Generation -- Televisiondreamroutines -- The Longest-Running Show on Television -- The Enormous Comics -- Poem Unnamed -- Botchuana -- Two: Aelius Lamia: Tanka for Robert Hass -- Odradek -- Turing Machine -- Broendal -- Two Prose Poems -- Sir Charles Babbage Returns to Trinity College -- Man-Made Monster Surreptitiously Regarding Idyllic Scene -- Joe Hill in Prison -- Remember the Rosenbergs -- When Beaumont and Tocqueville First Visited Sing-Sing -- Three Baroque Arias from Gradiva -- Three: Comedians -- Acrobats on the Radio -- To John at Summer Solstice, Before His Return -- Part Four: -- The Green-Ey'd Monster -- Select Bibliography of Works by Göran Printz-Påhlson -- A Note on the Text.
506 ## - RESTRICTIONS ON ACCESS NOTE
Terms governing access Open access resource providing free access.
520 ## - SUMMARY, ETC.
Summary, etc. "This collection brings together for the first time select works in English by the major Swedish modernist poet and critic Göran Printz-Påhlson. It was Printz-Påhlson who introduced poetic modernism to Scandinavia, and his essays and poems delve deeply into English, American, and continental modernist traditions. As well as Letters of Blood, the collection includes the full text of The Words of the Tribe, a major statement on modern poetics, in which Printz-Påhlson explores the significance of primitivism in Romanticism and Modernism, and the nature of metaphor and literary materialism. The collection also includes essays on style, irony, realism, and the relationship between historical drama and historical fiction, as well as studies of American poetry. Printz-Påhlson's poetry in English continues to explore these themes by different, often surprisingly innovative, means."--Publisher's website.
538 ## - SYSTEM DETAILS NOTE
System details note Mode of access: World Wide Web.
540 ## - TERMS GOVERNING USE AND REPRODUCTION NOTE
Terms governing use and reproduction Some rights are reserved. This book is made available under the Creative Commons Attribution-Non-Commercial-No Derivative Works 2.0 UK: England & Wales License. For more detailed information consult the publisher's website.
650 #0 - SUBJECT ADDED ENTRY--TOPICAL TERM
Topical term or geographic name entry element Modernism (Literature)
Geographic subdivision Sweden.
650 #0 - SUBJECT ADDED ENTRY--TOPICAL TERM
Topical term or geographic name entry element Poetry, Modern
Chronological subdivision 20th century
General subdivision History and criticism.
650 #0 - SUBJECT ADDED ENTRY--TOPICAL TERM
Topical term or geographic name entry element Swedish poetry
Chronological subdivision 20th century
General subdivision History and criticism.
700 1# - ADDED ENTRY--PERSONAL NAME
Personal name Archambeau, Robert,
Relator term editor.
710 2# - ADDED ENTRY--CORPORATE NAME
Corporate name or jurisdiction name as entry element Open Book Publishers,
Relator term publisher.
856 40 - ELECTRONIC LOCATION AND ACCESS
Uniform Resource Identifier <a href="http://doi.org/10.11647/OBP.0017">http://doi.org/10.11647/OBP.0017</a>
Public note Connect to e-book
856 42 - ELECTRONIC LOCATION AND ACCESS
Uniform Resource Identifier <a href="http://www.openbookpublishers.com/shopimages/products/cover/86 ">http://www.openbookpublishers.com/shopimages/products/cover/86 </a>
Public note Connect to cover image
Holdings
Withdrawn status Lost status Source of classification or shelving scheme Damaged status Not for loan Home library Current library Shelving location Date acquired Total Checkouts Date last seen Uniform Resource Identifier Price effective from Koha item type
          Digital Library Digital Library Online Access 15.02.2021   15.02.2021 http://doi.org/10.11647/OBP.0017 15.02.2021 eBook

OPENING HOURS

Weekdays: 0815hrs - 1800hrs
Weekends:0900hrs - 1200hrs

Closed for Mass:

Mon, Thur: 1200hrs - 1300hrs
Sunday & Public Holiday’s

CALL SUPPORT

0242-570570, 0242-570169
09200664, +263 8644140602

LOCATION

18443, Cranborne Avenue, Hatfield, Harare

Other Links


©2021 | CUZ Library